[Event "Bad Harzburg Seniors op 13th"]
[Site "Bad Harzburg"]
[Date "2012.11.02"]
[Round "5"]
[White "Thielemann, Joachim"]
[Black "Schimmelpfennig, Eckardt"]
[Result "1-0"]
[WhiteElo "1762"]
[BlackElo "1616"]
[PlyCount "85"]
[EventDate "2012.10.30"]
[EventType "swiss"]
[EventRounds "6"]
[EventCountry "GER"]
[SourceTitle "EXT 2014"]
[Source "ChessBase"]
[SourceDate "2013.11.20"]
[SourceVersion "1"]
[SourceVersionDate "2013.11.20"]
[SourceQuality "1"]

1. e4 e5 2. Nc3 Nf6 3. Nf3 Nc6 4. d4 exd4 5. Nxd4 Nxd4 6. Qxd4 d6 7. Be2 Be7 8. 0-0 0-0 9. Bf4 Bg4 10. f3 Be6 11. Kh1 a6 12. Rad1 Nh5 13. Bc1 Bf6 14. Qe3 Bxc3 15. Qxc3 Qe7 16. b3 Rfd8 17. f4 Nf6 18. Bb2 Ne8 19. Rde1 f6 20. Bf3 c6 21. e5 Qd7 22. Rd1 d5 23. Qe3 f5 24. c4 Qe7 25. cxd5 Bxd5 26. Bxd5+ Rxd5 27. Rxd5 cxd5 28. Qd3 Qe6 29. Rc1 Rd8 30. a4 h6 31. Bd4 Rc8 32. Qd2 Rc6 33. a5 Qc8 34. Rd1 Qe6 35. Bb6 Nc7 36. Bxc7 Rxc7 37. h3 Rd7 38. Qd3 g6 39. Rc1 d4 40. Kg1 Qd5 41. Qc4 d3 42. Rd1 Kf7 43. Rxd3 1-0

[Event "GER Seniors Derby 09th"]
[Site "Wesel Undeloh"]
[Date "2010.04.08"]
[Round "2.7"]
[White "Schimmelpfennig, Eckardt"]
[Black "Wetjen, Andreas"]
[Result "1/2-1/2"]
[WhiteElo "1732"]
[BlackElo "1925"]
[PlyCount "89"]
[EventDate "2010.04.08"]
[EventType "swiss"]
[EventRounds "7"]
[EventCountry "GER"]
[SourceTitle "EXT 2022"]
[Source "ChessBase"]
[SourceDate "2021.10.06"]
[SourceVersion "1"]
[SourceVersionDate "2021.10.06"]
[SourceQuality "1"]

1. e4 e5 2. Nf3 Nc6 3. Nc3 Nf6 4. Be2 Bb4 5. d3 d6 6. a3 Ba5 7. 0-0 0-0 8. Bg5 Ne7 9. Bxf6 gxf6 10. b4 Bb6 11. Na4 Ng6 12. Nxb6 axb6 13. g3 f5 14. exf5 Bxf5 15. Qd2 f6 16. Qh6 Rf7 17. Nh4 Nxh4 18. Qxh4 Rg7 19. b5 c5 20. bxc6 bxc6 21. Qc4+ Kh8 22. Qxc6 Rga7 23. Rfb1 Rc8 24. Qxb6 Qxb6 25. Rxb6 Rxc2 26. Bf3 Rc3 27. Be4 Bxe4 28. dxe4 Rcxa3 29. Rxa3 Rxa3 30. Rxd6 Kg7 31. Kg2 Ra2 32. h4 h5 33. Rd3 Rb2 34. Re3 Ra2 35. Kf3 Rb2 36. Re2 Rb3+ 37. Kg2 Kf7 38. f3 Kg6 39. Rf2 Ra3 40. f4 Re3 41. fxe5 fxe5 42. Rf5 Rxe4 43. Rg5+ Kh6 44. Kf3 Re1 45. Kf2 1/2-1/2